[Event "Scarborough CC Howard Ridout U1800"]
[Site "Toronto CAN"]
[Date "2011.10.20"]
[Round "5"]
[White "Radpey, Abdolreza"]
[Black "Super, Russell"]
[Result "1/2-1/2"]
[WhiteElo "1650"]
[BlackElo "1384"]
[PlyCount "104"]
[GameId "2160767909648744"]
[EventDate "2011.09.08"]
[EventType "swiss"]
[EventRounds "6"]
[EventCountry "CAN"]
[SourceTitle "EXT 2022"]
[Source "ChessBase"]
[SourceDate "2021.10.06"]
[SourceVersion "1"]
[SourceVersionDate "2021.10.06"]
[SourceQuality "1"]

1. d4 Nf6 2. c4 g6 3. Nc3 d5 4. cxd5 Nxd5 5. e4 Nxc3 6. bxc3 Bg7 7. Bc4 O-O 8. Ba3 Nc6 9. Ne2 Na5 10. Bd3 b6 11. O-O Re8 12. e5 e6 13. Be4 Rb8 14. Rb1 Ba6 15. Bd3 Bxd3 16. Qxd3 c5 17. Qa6 cxd4 18. cxd4 Qc8 19. Qxa7 Nc4 20. Bd6 Ra8 21. Qc7 Qxc7 22. Bxc7 Nd2 23. Nc3 Nxf1 24. Kxf1 Rac8 25. Nb5 Ra8 26. a3 Bf8 27. Rb3 Ra5 28. Bxb6 Ra4 29. Nd6 Rb8 30. g3 Ra6 31. Nc4 Bxa3 32. Ke2 Be7 33. Rb2 Ra4 34. Kd3 Rc8 35. Nd6 Ra3+ 36. Kd2 Rca8 37. Kc2 Ra2 38. Bc5 Kf8 39. Kb3 Rxb2+ 40. Kxb2 Bxd6 41. exd6 Ke8 42. Kb3 Ra1 43. Kc4 Rh1 44. h4 Rf1 45. d5 exd5+ 46. Kxd5 Re1 47. Kc6 Rd1 48. Kc7 f6 49. f4 f5 50. Kc8 Rd5 51. Ba3 Rd4 52. Bc5 Rd5 1/2-1/2

[Event "Scarborough CC Howard Ridout U1800"]
[Site "Toronto CAN"]
[Date "2011.10.20"]
[Round "5"]
[White "Teram, Eli"]
[Black "Lu, Leo"]
[Result "1-0"]
[WhiteElo "1220"]
[BlackElo "989"]
[PlyCount "31"]
[GameId "2160767909648745"]
[EventDate "2011.09.08"]
[EventType "swiss"]
[EventRounds "6"]
[EventCountry "CAN"]
[SourceTitle "EXT 2022"]
[Source "ChessBase"]
[SourceDate "2021.10.06"]
[SourceVersion "1"]
[SourceVersionDate "2021.10.06"]
[SourceQuality "1"]

1. e4 e5 2. Nf3 Nc6 3. Bb5 Nf6 4. Nc3 Bd6 5. d3 O-O 6. Bg5 Re8 7. Nd5 Re6 8. Bxf6 Qf8 9. Bh4 a6 10. Bc4 b5 11. Bb3 Bb4+ 12. c3 Bc5 13. Nxc7 Rg6 14. Nxa8 Rxg2 15. Ng5 Bxf2+ 16. Bxf2 1-0

[Event "Scarborough CC Howard Ridout U1800"]
[Site "Toronto CAN"]
[Date "2011.10.20"]
[Round "5"]
[White "Thanabalachandran, Kajan"]
[Black "Guo, Tan"]
[Result "0-1"]
[WhiteElo "1594"]
[BlackElo "1547"]
[PlyCount "116"]
[GameId "2160767909648746"]
[EventDate "2011.09.08"]
[EventType "swiss"]
[EventRounds "6"]
[EventCountry "CAN"]
[SourceTitle "EXT 2022"]
[Source "ChessBase"]
[SourceDate "2021.10.06"]
[SourceVersion "1"]
[SourceVersionDate "2021.10.06"]
[SourceQuality "1"]

1. e4 d6 2. d4 Nf6 3. Nc3 g6 4. Bc4 Bg7 5. Nf3 O-O 6. O-O c6 7. a4 Qc7 8. Bf4 Re8 9. e5 Nh5 10. exd6 exd6 11. Be3 Nd7 12. Bb3 Nhf6 13. Re1 Nb6 14. a5 Nbd7 15. d5 Nc5 16. Bxc5 Rxe1+ 17. Qxe1 dxc5 18. Qe5 Qxe5 19. Nxe5 Nxd5 20. Nxd5 cxd5 21. Re1 Be6 22. f4 Re8 23. c3 c4 24. Ba4 Re7 25. Nf3 Kf8 26. Nd4 Bd7 27. Rxe7 Kxe7 28. Bxd7 Kxd7 29. Nf3 h6 30. Kf2 Kc6 31. Ne5+ Bxe5 32. fxe5 Kc5 33. Ke3 b6 34. axb6 axb6 35. g3 g5 36. h4 gxh4 37. gxh4 h5 38. Kf4 d4 39. cxd4+ Kxd4 40. Kg5 Kxe5 41. Kxh5 Kf5 42. Kh6 Kg4 43. h5 b5 44. Kg7 Kxh5 45. Kxf7 b4 46. Ke6 c3 47. bxc3 bxc3 48. Kd5 c2 49. Ke5 c1=Q 50. Kd4 Qg5 51. Ke4 Qd2 52. Kf3 Qe1 53. Kg2 Qe3 54. Kh2 Qf3 55. Kg1 Qe2 56. Kh1 Kg4 57. Kg1 Kg3 58. Kh1 Qg2# 0-1

[Event "Scarborough CC Howard Ridout U1800"]
[Site "Toronto CAN"]
[Date "2011.10.20"]
[Round "5"]
[White "Tismenko, Tetyana"]
[Black "Vyravanathan, Sobiga"]
[Result "0-1"]
[WhiteElo "1477"]
[BlackElo "1388"]
[PlyCount "97"]
[GameId "2160767909648747"]
[EventDate "2011.09.08"]
[EventType "swiss"]
[EventRounds "6"]
[EventCountry "CAN"]
[SourceTitle "EXT 2022"]
[Source "ChessBase"]
[SourceDate "2021.10.06"]
[SourceVersion "1"]
[SourceVersionDate "2021.10.06"]
[SourceQuality "1"]

1. e4 c5 2. Nc3 Nc6 3. g3 Nf6 4. Bg2 e5 5. Nge2 Be7 6. O-O d6 7. h3 Bd7 8. f4 Qc8 9. Kh2 exf4 10. Nxf4 Ne5 11. Nfd5 Bd8 12. d4 cxd4 13. Qxd4 Qc4 14. Nxf6+ Bxf6 15. Qxd6 Qe6 16. Qxe6+ Bxe6 17. Nd5 Bd8 18. Bf4 f6 19. b3 Rc8 20. c4 b6 21. Rad1 h6 22. Rf2 Bg4 23. Rfd2 Be6 24. Rf1 Ng6 25. Bd6 Ne5 26. Rfd1 Nc6 27. Nf4 Bf7 28. Ba3 Be7 29. Bxe7 Nxe7 30. Rd7 Nc6 31. e5 Nxe5 32. Rxa7 O-O 33. Rd6 Rb8 34. Ra6 b5 35. c5 Rfc8 36. c6 Kh7 37. Ra7 Rb6 38. Rb7 Ra6 39. Rd2 Be8 40. c7 Nd7 41. Nd5 Re6 42. Rxb5 Re5 43. Rb7 Re6 44. a4 h5 45. a5 g6 46. b4 Kg7 47. b5 Ra8 48. a6 Bf7 49. Rc2 0-1

[Event "Scarborough CC Howard Ridout U1800"]
[Site "Toronto CAN"]
[Date "2011.10.20"]
[Round "5"]
[White "Veecock, Carl"]
[Black "Bellomo, Joe"]
[Result "0-1"]
[WhiteElo "1323"]
[BlackElo "1607"]
[PlyCount "120"]
[GameId "2160767909648748"]
[EventDate "2011.09.08"]
[EventType "swiss"]
[EventRounds "6"]
[EventCountry "CAN"]
[SourceTitle "EXT 2022"]
[Source "ChessBase"]
[SourceDate "2021.10.06"]
[SourceVersion "1"]
[SourceVersionDate "2021.10.06"]
[SourceQuality "1"]

1. Nf3 d5 2. g3 Nf6 3. Bg2 e6 4. O-O Be7 5. d3 O-O 6. Re1 c5 7. Nbd2 Nc6 8. Nb3 Bd7 9. Bf4 Rc8 10. c3 Nh5 11. Be3 b6 12. d4 c4 13. Nc1 b5 14. Ne5 Nxe5 15. dxe5 g6 16. Bxa7 Ng7 17. Bd4 Nf5 18. e3 Nxd4 19. exd4 b4 20. Ne2 bxc3 21. bxc3 Qa5 22. Qd2 Ra8 23. Reb1 Rfb8 24. Qc2 Ba4 25. Rxb8+ Rxb8 26. Qc1 Qb5 27. Bf1 Bf8 28. Kg2 Qb6 29. Ng1 Qb2 30. Ne2 Ba3 31. Qxb2 Bxb2 32. Re1 Ba3 33. Ng1 Rb2 34. Re2 Rb1 35. Nf3 Bd1 36. Nd2 Rb2 37. Nxc4 dxc4 38. Rxb2 Bxb2 39. Bxc4 Bxc3 40. Bb3 Bxb3 41. axb3 Bxd4 42. f4 Kf8 43. Kf3 Ke8 44. Ke4 Bb6 45. g4 Ke7 46. f5 gxf5+ 47. gxf5 exf5+ 48. Kxf5 Bc5 49. h3 Bb4 50. h4 Bd2 51. h5 Bc3 52. Kg5 Bd2+ 53. Kf5 h6 54. Ke4 Ke6 55. Kd4 Bf4 56. b4 Bxe5+ 57. Kc5 f5 58. b5 f4 59. b6 f3 60. b7 f2 0-1

[Event "Scarborough CC Howard Ridout U1800"]
[Site "Toronto CAN"]
[Date "2011.10.20"]
[Round "5"]
[White "Verde, Pino"]
[Black "Graham, John"]
[Result "1-0"]
[WhiteElo "1675"]
[BlackElo "1370"]
[PlyCount "99"]
[GameId "2160767909648749"]
[EventDate "2011.09.08"]
[EventType "swiss"]
[EventRounds "6"]
[EventCountry "CAN"]
[SourceTitle "EXT 2022"]
[Source "ChessBase"]
[SourceDate "2021.10.06"]
[SourceVersion "1"]
[SourceVersionDate "2021.10.06"]
[SourceQuality "1"]

1. e4 c5 2. Nf3 Nc6 3. Bc4 g6 4. d4 cxd4 5. Nxd4 Ne5 6. Bb3 d6 7. Nc3 Nf6 8. O-O Bg7 9. f4 Nc6 10. e5 Nxd4 11. Qxd4 Nd7 12. Qd5 O-O 13. exd6 Nf6 14. Qd2 Qb6+ 15. Kh1 Rd8 16. Nd5 Qxd6 17. Rd1 Bg4 18. Nxf6+ Bxf6 19. Qxd6 Rxd6 20. Rxd6 exd6 21. c3 Re8 22. Kg1 Bd7 23. Kf2 Bc6 24. g3 d5 25. Be3 b6 26. Rd1 Rd8 27. Bd4 Be7 28. Re1 Bc5 29. Bxc5 bxc5 30. Re7 c4 31. Bc2 d4 32. cxd4 Rxd4 33. Ke3 Rd7 34. Rxd7 Bxd7 35. Kd4 Be6 36. a4 Kf8 37. a5 Ke7 38. Kc5 Kd7 39. Ba4+ Kc7 40. Bb5 h6 41. Bxc4 Bxc4 42. Kxc4 Kc6 43. b4 a6 44. g4 f6 45. f5 gxf5 46. gxf5 h5 47. h4 Kd6 48. b5 axb5+ 49. Kxb5 Kc7 50. Kc5 1-0

[Event "Scarborough CC Howard Ridout U1800"]
[Site "Toronto CAN"]
[Date "2011.10.20"]
[Round "5"]
[White "Yie, Kevin Yi Xiao"]
[Black "Gillis, Doug"]
[Result "0-1"]
[WhiteElo "1445"]
[BlackElo "1594"]
[PlyCount "122"]
[GameId "2160767909648750"]
[EventDate "2011.09.08"]
[EventType "swiss"]
[EventRounds "6"]
[EventCountry "CAN"]
[SourceTitle "EXT 2022"]
[Source "ChessBase"]
[SourceDate "2021.10.06"]
[SourceVersion "1"]
[SourceVersionDate "2021.10.06"]
[SourceQuality "1"]

1. d4 e6 2. c4 Bb4+ 3. Bd2 Bxd2+ 4. Nxd2 b6 5. Ngf3 Bb7 6. e3 Nf6 7. Be2 O-O 8. O-O d6 9. Qc2 Nbd7 10. Rac1 e5 11. d5 Re8 12. Rfd1 a5 13. e4 Nc5 14. Re1 Qd7 15. h3 Rac8 16. Bf1 c6 17. Nb3 Ncxe4 18. Rxe4 Nxe4 19. Qxe4 cxd5 20. cxd5 Rxc1 21. Nxc1 Rc8 22. Nb3 a4 23. Nbd2 Rc1 24. Kh2 f5 25. Qb4 Bxd5 26. Bb5 Qc7 27. Bxa4 Bxf3 28. Nxf3 e4 29. Nd2 d5+ 30. g3 Qc5 31. Qxc5 bxc5 32. Kg2 d4 33. Bb3+ Kf8 34. Nf1 c4 35. Ba4 c3 36. b4 d3 37. Ne3 Rb1 38. b5 Rb4 39. Nd5 Rxa4 40. Nxc3 Rc4 41. b6 Rb4 42. Nd1 Rxb6 43. Ne3 g6 44. Kf1 Rb1+ 45. Kg2 d2 46. a4 d1=Q 47. Nxd1 Rxd1 48. f3 exf3+ 49. Kxf3 Ra1 50. g4 fxg4+ 51. Kxg4 Rxa4+ 52. Kg5 Kg8 53. h4 Ra5+ 54. Kg4 Kg7 55. Kh3 Kf6 56. Kh2 Kf5 57. Kg2 Kg4 58. Kh2 Kxh4 59. Kg2 Ra2+ 60. Kh1 Kg3 61. Kg1 Ra1# 0-1

[Event "Scarborough CC Howard Ridout U1800"]
[Site "Toronto CAN"]
[Date "2011.10.20"]
[Round "5"]
[White "Zhang, John"]
[Black "Tismenko, Dennis"]
[Result "1-0"]
[WhiteElo "1677"]
[BlackElo "1407"]
[PlyCount "65"]
[GameId "2160767909648751"]
[EventDate "2011.09.08"]
[EventType "swiss"]
[EventRounds "6"]
[EventCountry "CAN"]
[SourceTitle "EXT 2022"]
[Source "ChessBase"]
[SourceDate "2021.10.06"]
[SourceVersion "1"]
[SourceVersionDate "2021.10.06"]
[SourceQuality "1"]

1. e4 c5 2. Nf3 g6 3. d4 cxd4 4. Nxd4 Nc6 5. c4 Bg7 6. Be3 Nf6 7. Nc3 Nh5 8. Be2 Nf6 9. O-O d6 10. f3 O-O 11. Qd2 Bd7 12. a3 a5 13. Rac1 Qb8 14. Nd5 Nxd5 15. cxd5 Ne5 16. Nb5 Rc8 17. Bb6 a4 18. Nc7 Rxc7 19. Rxc7 f5 20. f4 fxe4 21. fxe5 Bf5 22. exd6 exd6 23. g4 Bc8 24. Rfc1 h5 25. Rxc8+ Qxc8 26. Rxc8+ Rxc8 27. gxh5 gxh5 28. Bxh5 Kh7 29. Bd4 Bh6 30. Be3 Rg8+ 31. Kh1 Bg7 32. Qg2 Bh6 33. Qxe4+ 1-0

[Event "Scarborough CC Howard Ridout U1800"]
[Site "Toronto CAN"]
[Date "2011.10.20"]
[Round "5"]
[White "Zhao, Yanchun"]
[Black "Roy, Harrison"]
[Result "1-0"]
[WhiteElo "1194"]
[BlackElo "910"]
[PlyCount "55"]
[GameId "2160767909648752"]
[EventDate "2011.09.08"]
[EventType "swiss"]
[EventRounds "6"]
[EventCountry "CAN"]
[SourceTitle "EXT 2022"]
[Source "ChessBase"]
[SourceDate "2021.10.06"]
[SourceVersion "1"]
[SourceVersionDate "2021.10.06"]
[SourceQuality "1"]

1. d4 d5 2. c4 e6 3. Nf3 Nf6 4. Nc3 Bb4 5. Qb3 Nc6 6. Bg5 O-O 7. a3 Bxc3+ 8. bxc3 Na5 9. Qb4 Nxc4 10. e3 h6 11. Bh4 Re8 12. Bxc4 dxc4 13. Qxc4 b6 14. O-O Bb7 15. Ne5 Qc8 16. Bxf6 Ba6 17. Qc6 Bxf1 18. Bxg7 Kxg7 19. Rxf1 Rg8 20. Qf3 Qd8 21. Qxf7+ Kh8 22. Qxe6 Qg5 23. Nf7+ Kh7 24. Nxg5+ Rxg5 25. f4 Rg6 26. Qf7+ Rg7 27. Qf5+ Kg8 28. Qd5+ 1-0

[Event "Scarborough CC Howard Ridout U1800"]
[Site "Toronto CAN"]
[Date "2011.10.27"]
[Round "6"]
[White "Aghamalian, Derick"]
[Black "Frias, Evnato"]
[Result "1-0"]
[WhiteElo "1604"]
[BlackElo "1125"]
[PlyCount "89"]
[GameId "2160767909648753"]
[EventDate "2011.09.08"]
[EventType "swiss"]
[EventRounds "6"]
[EventCountry "CAN"]
[SourceTitle "EXT 2022"]
[Source "ChessBase"]
[SourceDate "2021.10.06"]
[SourceVersion "1"]
[SourceVersionDate "2021.10.06"]
[SourceQuality "1"]

1. e4 e5 2. Nf3 Nc6 3. Bc4 Nf6 4. Ng5 d5 5. exd5 Nxd5 6. Qf3 Be6 7. Nxe6 fxe6 8. d3 Bc5 9. O-O Qd7 10. Nc3 Nf6 11. Be3 Bd4 12. Qh3 Nd5 13. Bxd4 exd4 14. Nxd5 exd5 15. Qxd7+ Kxd7 16. Bxd5 Kd6 17. Bxc6 Kxc6 18. Rfe1 Rae8 19. Re4 Rxe4 20. dxe4 Kd6 21. f4 Rf8 22. g3 c5 23. Rd1 Ke6 24. Rd3 b6 25. Ra3 Rf7 26. Rd3 g6 27. Kg2 h6 28. Rf3 c4 29. Kf2 b5 30. Ke2 b4 31. b3 Rc7 32. Kd2 a5 33. bxc4 Rxc4 34. Rb3 a4 35. Rb2 Kd6 36. Kd3 Kc5 37. Rb1 Rc3+ 38. Kd2 Rf3 39. e5 Rf2+ 40. Kd3 Rxh2 41. e6 Rg2 42. Re1 Rxg3+ 43. Kd2 Kc4 44. e7 Rg2+ 45. Re2 1-0

[Event "Scarborough CC Howard Ridout U1800"]
[Site "Toronto CAN"]
[Date "2011.10.27"]
[Round "6"]
[White "Aghamalian, Leonid"]
[Black "Lin, William"]
[Result "1-0"]
[WhiteElo "1496"]
[BlackElo "1362"]
[PlyCount "55"]
[GameId "2160767909648754"]
[EventDate "2011.09.08"]
[EventType "swiss"]
[EventRounds "6"]
[EventCountry "CAN"]
[SourceTitle "EXT 2022"]
[Source "ChessBase"]
[SourceDate "2021.10.06"]
[SourceVersion "1"]
[SourceVersionDate "2021.10.06"]
[SourceQuality "1"]

1. d4 Nf6 2. c4 d6 3. Nc3 Bf5 4. e3 Nbd7 5. Bd3 Bxd3 6. Qxd3 c5 7. d5 Ne5 8. Qe2 g6 9. f4 Ned7 10. Nf3 Bg7 11. O-O a6 12. Rb1 O-O 13. h3 Re8 14. Qc2 e5 15. Ng5 exf4 16. exf4 Nh5 17. Nge4 Ndf6 18. g4 Nxe4 19. Nxe4 Nf6 20. Ng3 b5 21. g5 Nd7 22. b3 Rb8 23. Bb2 bxc4 24. Bxg7 cxb3 25. Qc3 bxa2 26. Rxb8 Qxb8 27. Bh6 Qb1 28. Qg7# 1-0

[Event "Scarborough CC Howard Ridout U1800"]
[Site "Toronto CAN"]
[Date "2011.10.27"]
[Round "6"]
[White "Azizi, Hamid"]
[Black "Smith, Maurice"]
[Result "1-0"]
[WhiteElo "1369"]
[BlackElo "1535"]
[PlyCount "93"]
[GameId "2160767909648755"]
[EventDate "2011.09.08"]
[EventType "swiss"]
[EventRounds "6"]
[EventCountry "CAN"]
[SourceTitle "EXT 2022"]
[Source "ChessBase"]
[SourceDate "2021.10.06"]
[SourceVersion "1"]
[SourceVersionDate "2021.10.06"]
[SourceQuality "1"]

1. f4 d5 2. Nf3 c5 3. e3 Nc6 4. Bb5 Bd7 5. Bxc6 Bxc6 6. b3 Nf6 7. Nc3 e6 8. Bb2 Bd6 9. O-O O-O 10. Qe1 Qc7 11. Ne2 Rfe8 12. Bxf6 gxf6 13. Qh4 Qe7 14. Ng3 f5 15. Qh6 Qf8 16. Qg5+ Qg7 17. Nh5 Qxg5 18. fxg5 Red8 19. Nf6+ Kg7 20. g4 fxg4 21. Nxg4 d4 22. exd4 cxd4 23. h4 d3 24. Nfe5 Bc5+ 25. Kh2 Rf8 26. Nxd3 Bd6+ 27. Kh3 Rad8 28. Rf2 Be4 29. Ne1 Bf5 30. d3 Be5 31. Rd1 Rd4 32. Rxf5 exf5 33. Nxe5 f6 34. c3 Rd5 35. gxf6+ Rxf6 36. N5f3 f4 37. c4 Rd8 38. d4 h6 39. c5 Rd5 40. b4 Kh7 41. a4 Re6 42. c6 Rd8 43. d5 Rf6 44. Rd4 Rff8 45. d6 Rf6 46. a5 Kg7 47. d7 1-0

[Event "Scarborough CC Howard Ridout U1800"]
[Site "Toronto CAN"]
[Date "2011.10.27"]
[Round "6"]
[White "Bellomo, Joe"]
[Black "Thornton, Bill"]
[Result "1-0"]
[WhiteElo "1607"]
[BlackElo "1234"]
[PlyCount "95"]
[GameId "2160767909648756"]
[EventDate "2011.09.08"]
[EventType "swiss"]
[EventRounds "6"]
[EventCountry "CAN"]
[SourceTitle "EXT 2022"]
[Source "ChessBase"]
[SourceDate "2021.10.06"]
[SourceVersion "1"]
[SourceVersionDate "2021.10.06"]
[SourceQuality "1"]

1. e4 e5 2. Nf3 Nc6 3. Bb5 a6 4. Ba4 b5 5. Bb3 Be7 6. c3 Nf6 7. O-O O-O 8. Re1 d6 9. h3 Be6 10. Bc2 Nd7 11. d4 exd4 12. cxd4 d5 13. e5 Nb4 14. Bb3 Nb6 15. a3 Nc6 16. Nbd2 Na5 17. Bc2 c5 18. Nf1 c4 19. Ng3 Nc6 20. Bb1 b4 21. a4 a5 22. Qc2 g6 23. Bh6 Re8 24. Qd2 Bf8 25. Bxf8 Kxf8 26. Qh6+ Ke7 27. Qxh7 Rh8 28. Qg7 Rg8 29. Qf6+ Ke8 30. Qxd8+ Rxd8 31. Rd1 g5 32. Nh5 Ke7 33. Nf6 Rg7 34. Nh2 Nd7 35. Nhg4 Rf8 36. Nxd7 Bxd7 37. Nf6 g4 38. h4 g3 39. Nxd5+ Kd8 40. fxg3 Rxg3 41. Nf6 Bg4 42. Rd2 Bf3 43. Kh2 Rxg2+ 44. Rxg2 Bxg2 45. Kxg2 Nxd4 46. Be4 c3 47. bxc3 bxc3 48. Rd1 1-0

[Event "Scarborough CC Howard Ridout U1800"]
[Site "Toronto CAN"]
[Date "2011.10.27"]
[Round "6"]
[White "Chen, George"]
[Black "Paraparan, Varshini"]
[Result "1/2-1/2"]
[WhiteElo "1227"]
[BlackElo "927"]
[PlyCount "85"]
[GameId "2160767909648757"]
[EventDate "2011.09.08"]
[EventType "swiss"]
[EventRounds "6"]
[EventCountry "CAN"]
[SourceTitle "EXT 2022"]
[Source "ChessBase"]
[SourceDate "2021.10.06"]
[SourceVersion "1"]
[SourceVersionDate "2021.10.06"]
[SourceQuality "1"]

1. d4 Nf6 2. c4 e6 3. Nc3 Bb4 4. a3 Bxc3+ 5. bxc3 h6 6. Nf3 b6 7. g3 Bb7 8. Bg2 O-O 9. O-O Ne4 10. Qc2 Qf6 11. Nd2 Nxd2 12. Bxd2 Bxg2 13. Kxg2 Nc6 14. e4 Qg6 15. Rac1 Rfe8 16. f3 Rad8 17. d5 exd5 18. cxd5 Na5 19. c4 Nb7 20. Bf4 d6 21. Rfe1 Re7 22. Qb1 Rde8 23. Rc2 Nc5 24. Rce2 Qh7 25. h3 f5 26. e5 dxe5 27. Rxe5 Rxe5 28. Rxe5 Rxe5 29. Bxe5 g5 30. Qd1 Qe7 31. Bb2 Nb3 32. d6 cxd6 33. Qd5+ Kf8 34. Qxf5+ Ke8 35. Qc8+ Kf7 36. Qf5+ Ke8 37. Qg6+ Kd7 38. Qf5+ Ke8 39. Qb5+ Kf8 40. Qxb3 Qe2+ 41. Kg1 Qe1+ 42. Kg2 Qe2+ 43. Kh1 1/2-1/2

[Event "Scarborough CC Howard Ridout U1800"]
[Site "Toronto CAN"]
[Date "2011.10.27"]
[Round "6"]
[White "Crnilovic, Grisha"]
[Black "Lin, Benjamin1"]
[Result "1/2-1/2"]
[WhiteElo "1682"]
[BlackElo "1175"]
[PlyCount "61"]
[GameId "2160767909648758"]
[EventDate "2011.09.08"]
[EventType "swiss"]
[EventRounds "6"]
[EventCountry "CAN"]
[SourceTitle "EXT 2022"]
[Source "ChessBase"]
[SourceDate "2021.10.06"]
[SourceVersion "1"]
[SourceVersionDate "2021.10.06"]
[SourceQuality "1"]

1. e4 c5 2. Nf3 Nc6 3. d4 cxd4 4. Nxd4 e5 5. Nb5 a6 6. Nd6+ Bxd6 7. Qxd6 Qe7 8. Qd1 h6 9. Nc3 Nf6 10. Be3 O-O 11. Bc4 Qb4 12. Bd3 Qxb2 13. Na4 Qb4+ 14. c3 Qe7 15. O-O d6 16. Nb6 Rb8 17. Nd5 Nxd5 18. exd5 Nd8 19. Rb1 f5 20. Bxa6 f4 21. Bc1 Qg5 22. Be2 Re8 23. Ba3 Bh3 24. Bf3 e4 25. Qa4 b5 26. Rxb5 exf3 27. g3 Bxf1 28. Rxb8 Qe7 29. Rb1 Bg2 30. Qd1 fxg3 31. fxg3 1/2-1/2

[Event "Scarborough CC Howard Ridout U1800"]
[Site "Toronto CAN"]
[Date "2011.10.27"]
[Round "6"]
[White "Feng, Richard"]
[Black "Teram, Eli"]
[Result "0-1"]
[WhiteElo "1040"]
[BlackElo "1220"]
[PlyCount "54"]
[GameId "2160767909648759"]
[EventDate "2011.09.08"]
[EventType "swiss"]
[EventRounds "6"]
[EventCountry "CAN"]
[SourceTitle "EXT 2022"]
[Source "ChessBase"]
[SourceDate "2021.10.06"]
[SourceVersion "1"]
[SourceVersionDate "2021.10.06"]
[SourceQuality "1"]

1. e4 e5 2. Nf3 Nc6 3. Bc4 h6 4. O-O Nf6 5. Nc3 Bb4 6. d3 O-O 7. Qe2 d6 8. h3 a6 9. Bd2 b5 10. Bb3 Bc5 11. Nd5 Be6 12. Rac1 a5 13. a3 b4 14. axb4 axb4 15. c3 Rb8 16. Nxf6+ Qxf6 17. Ba4 Na5 18. cxb4 Bxb4 19. Rxc7 Qd8 20. Rc2 d5 21. Nxe5 dxe4 22. dxe4 Bd6 23. Bxa5 Qxa5 24. Nd7 Bxd7 25. Bxd7 Qe5 26. Ra1 Qh2+ 27. Kf1 Qh1# 0-1

[Event "Scarborough CC Howard Ridout U1800"]
[Site "Toronto CAN"]
[Date "2011.10.27"]
[Round "6"]
[White "Gillis, Doug"]
[Black "Song, Eric"]
[Result "1/2-1/2"]
[WhiteElo "1589"]
[BlackElo "1635"]
[PlyCount "67"]
[GameId "2160767909648760"]
[EventDate "2011.09.08"]
[EventType "swiss"]
[EventRounds "6"]
[EventCountry "CAN"]
[SourceTitle "EXT 2022"]
[Source "ChessBase"]
[SourceDate "2021.10.06"]
[SourceVersion "1"]
[SourceVersionDate "2021.10.06"]
[SourceQuality "1"]

1. d4 d5 2. Nc3 Nf6 3. Bg5 Nc6 4. Bxf6 exf6 5. e3 a6 6. Bd3 Be6 7. Nge2 Qd7 8. Nf4 Bb4 9. O-O h6 10. Nxe6 Qxe6 11. Qf3 Rd8 12. Ne2 O-O 13. Nf4 Qd7 14. Nh5 Bd6 15. a3 Ne7 16. Ng3 c6 17. Nf5 Bc7 18. Nxe7+ Qxe7 19. Rfe1 Rfe8 20. e4 Qd6 21. g3 dxe4 22. Rxe4 Rxe4 23. Qxe4 g6 24. Bc4 f5 25. Qe2 Qxd4 26. Re1 Bb6 27. c3 Qd6 28. Qe7 Qxe7 29. Rxe7 Rd2 30. Rxb7 Rxb2 31. Rxf7 Kh8 32. Rf8+ Kg7 33. Rf7+ Kh8 34. Rf8+ 1/2-1/2

[Event "Scarborough CC Howard Ridout U1800"]
[Site "Toronto CAN"]
[Date "2011.10.27"]
[Round "6"]
[White "Graham, John"]
[Black "Azmitia, Gabriel"]
[Result "0-1"]
[WhiteElo "1370"]
[BlackElo "1591"]
[PlyCount "96"]
[GameId "2160767909648761"]
[EventDate "2011.09.08"]
[EventType "swiss"]
[EventRounds "6"]
[EventCountry "CAN"]
[SourceTitle "EXT 2022"]
[Source "ChessBase"]
[SourceDate "2021.10.06"]
[SourceVersion "1"]
[SourceVersionDate "2021.10.06"]
[SourceQuality "1"]

1. e4 e5 2. Nf3 Nc6 3. Bc4 Nd4 4. Nc3 Nxf3+ 5. Qxf3 Nf6 6. d3 Bb4 7. Bd2 d6 8. h3 h6 9. O-O-O c6 10. Ne2 Bxd2+ 11. Rxd2 b5 12. Bb3 a5 13. a4 Bd7 14. d4 Qc7 15. dxe5 dxe5 16. Rhd1 Rd8 17. Nc3 b4 18. Ne2 O-O 19. Ng3 c5 20. c4 Bc6 21. Qe3 Rd4 22. f3 Rfd8 23. Nf5 Kh7 24. g4 Rxd2 25. Rxd2 Ne8 26. Qxc5 Rxd2 27. Kxd2 Qd7+ 28. Ke2 Bxa4 29. Qe3 Bxb3 30. Qxb3 g6 31. Ne3 Qd4 32. c5 Kg7 33. c6 Nc7 34. Nd5 Ne6 35. c7 Qc5 36. Kf1 Nxc7 37. Qe3 Qc2 38. Qe2 Qc1+ 39. Kg2 Qc5 40. Qd2 Ne6 41. Kh2 Nd4 42. Kg2 Ne6 43. Kh2 Qc4 44. h4 Qf1 45. Qg2 Qc1 46. g5 hxg5 47. hxg5 Nxg5 48. Qxg5 Qxg5 0-1

[Event "Scarborough CC Howard Ridout U1800"]
[Site "Toronto CAN"]
[Date "2011.10.27"]
[Round "6"]
[White "Guo, Tan"]
[Black "Verde, Pino"]
[Result "1-0"]
[WhiteElo "1547"]
[BlackElo "1675"]
[PlyCount "137"]
[GameId "2160767909648762"]
[EventDate "2011.09.08"]
[EventType "swiss"]
[EventRounds "6"]
[EventCountry "CAN"]
[SourceTitle "EXT 2022"]
[Source "ChessBase"]
[SourceDate "2021.10.06"]
[SourceVersion "1"]
[SourceVersionDate "2021.10.06"]
[SourceQuality "1"]

1. e4 e5 2. Nf3 d5 3. exd5 e4 4. Nd4 Qxd5 5. Nb3 Nf6 6. Nc3 Qe5 7. Be2 h5 8. d4 exd3 9. Qxd3 Bf5 10. Qe3 Qxe3 11. Bxe3 Bxc2 12. Nd4 Bg6 13. O-O-O c6 14. Rhe1 Bb4 15. Bf3 O-O 16. Nb3 Nbd7 17. a3 Bxc3 18. bxc3 Ne5 19. Be2 b5 20. Bc5 Rfe8 21. Bf1 Ne4 22. Bd4 Nc4 23. Bxc4 bxc4 24. Na5 c5 25. f3 cxd4 26. fxe4 Rab8 27. Rxd4 Re5 28. Nc6 Ree8 29. Nxb8 Rxb8 30. Rxc4 Rb3 31. Kc2 Rxa3 32. Rb1 f5 33. Rb8+ Kh7 34. Rcc8 Kh6 35. Rh8+ Kg5 36. Kb2 Ra6 37. exf5 Bxf5 38. Rb5 g6 39. Rg8 Re6 40. Ka3 Ra6+ 41. Kb3 Re6 42. Ka2 Re2+ 43. Ka3 Rxg2 44. Rb2 Rg1 45. Rg7 a6 46. c4 h4 47. c5 h3 48. Rgb7 Ra1+ 49. Kb4 a5+ 50. Kb5 Bd3+ 51. Kb6 Rg1 52. Rd7 Bf5 53. Rd5 Rg2 54. Rbd2 a4 55. c6 Kf4 56. c7 Bc8 57. Rd8 Bf5 58. R2d7 Bxd7 59. Rxd7 Rb2+ 60. Ka6 Rc2 61. Kb7 Rb2+ 62. Kc6 Rxh2 63. Rd4+ Kg3 64. Rc4 Rf2 65. c8=Q Rf6+ 66. Kb5 Rf5+ 67. Kxa4 h2 68. Qc7+ Kh3 69. Rc3+ 1-0